00429nam a2200121Ia 4500008004100000082001500041100001800056245006100074260004200135365000800177630006100185730006100246100415s9999 xx 000 0 und d b19347a333 aSHIVA VANDANA aStolen Harvest : The Hijacking of the Global Food Supply aNEW DELHIc2000bINDIA RESEARCH PRESS b195 aStolen Harvest : The Hijacking of the Global Food Supply aStolen Harvest : The Hijacking of the Global Food Supply